000 00846nam a22002417a 4500
003 OSt
005 20140310182349.0
008 130928t xxu||||| |||| 00| 0 eng d
020 _a9781879085848
050 _aPZ 7
_b.D72747To 1994
082 _aGS 823
_bD73t 1994
100 _aDorflinger, Carolyn
_922089
245 _aTomorrow is Mom's birthday /
_cby Carolyn Dorflinger; illustrated by Iza Trapani.
260 _aHongKong :
_bWhispering Coyote Press, Inc,
_cc1994.
300 _a32 p. :
_bill, ;
_c25 cm.
520 _aTomorrow is Mom's birthday and Tyler can't figure out what to give her, until he thinks of something really terrific.
541 _j1
562 _e1
650 _aBirthdays
_xFiction
_922090
650 _aGifts
_xFiction
_922091
650 _aMothers and sons
_xFiction
_922092
942 _2lcc
_cBK-GS
999 _c12309
_d12309